Elements of differential geometry / (رقم التسجيلة. 39964)

تفاصيل مارك
000 -الفاتح
حقل البيانات ثابتة الطول 00947cam a2200325 i 4500
001 - رقم الضبط
رقم الضبط 59962
003 - محدد رقم الضبط
رقم الضبط OSt
005 - وقت وتاريخ اخر تعامل مع التسجيلة
رقم الضبط 20161205122703.0
008 - عناصر البيانات ثابتة الطول - معلومات عامة
حقل البيانات ثابتة الطول 780930s1977 njua b 001 0 eng
010 ## - رقم ضبط مكتبة الكونجرس
رقم ضبط مكتبة الكونجرس 76028497
020 ## - الرقم الدولى المعيارى للكتب
الرقم الدولى المعيارى للكتاب 0132641437
020 ## - الرقم الدولى المعيارى للكتب
الرقم الدولى المعيارى للكتاب 9780132641432
035 ## - رقم ضبط النظام
رقم ضبط النظام (OCoLC)2955869
035 ## - رقم ضبط النظام
رقم ضبط النظام (OCoLC)ocm02955869
035 ## - رقم ضبط النظام
رقم ضبط النظام (CStRLIN)NYCG8114056-B
035 ## - رقم ضبط النظام
رقم ضبط النظام (NNC)59962
040 ## - مصدر الفهرسة
وكالة الفهرسة الأصلية MA
050 0# - رقم طلب مكتبة الكونجرس
رقم التصنيف QA641
رقم المادة .M52
082 ## - رقم تصنيف ديوى العشرى
رقم التصنيف 516.3604
رقم المادة MRE
100 1# - المدخل الرئيسى - إسم شخصى
الإسم الشخصى Millman, Richard S.,
التواريخ المصاحبة للاسم 1945-
9 (RLIN) 57174
245 10 - بيان العنوان
العنوان Elements of differential geometry /
بيان المسئوليه,etc Richard S. Millman, George D. Parker.
260 ## - PUBLICATION, DISTRIBUTION, ETC. (IMPRINT)
مكان الناشر او الموزع Englewood Cliffs, N.J. :
اسم الناشر او الموزع Prentice-Hall,
تاريخ النشر أو التوزيع c1977.
300 ## - الوصف المادى
التعداد xiv, 265 p. :
تفاصيل ماديه اخرى للوعاء ill. ;
أبعاد الوعاء 24 cm.
500 ## - تبصرة عامة
تبصرة عامة Includes index.
504 ## - تبصرة ببليوجرافية
تبصرة ببليوجرافية,الخ Bibliography: p. 248-251.
650 #0 - المدخل الاضافى بالموضوع-مصطلح موضوعى
مصطلح موضوعي أو اسم جغرافي كعنصر مدخل Geometry, Differential.
9 (RLIN) 14516
700 1# - المدخل الاضافى - اسم شخصى
الإسم الشخصى Parker, George D.,
التواريخ المصاحبة للاسم 1945-,
الدور author.
9 (RLIN) 57175
942 ## - عناصر المدخل الإضافي( كوها)
مصدر التصنيف او مخطط الترفيف Dewey Decimal Classification
Koha [default] item type كتاب
المقتنيات
حالة الفقد نموذج السعر الفعال حالة تلف ليس للاعارة رقم الطلب تاريخ الاكتساب الموقع الحالي الباركود الفرع الرئيسي Date last seen نوع المادة فى نظام كوها مصدر التصنيف او خطة الترفيف Total Checkouts
  2016-12-15     516.3604 MRE 2016-12-15 المكتبة المركزية بالمجمعة (CL) 00655077 المكتبة المركزية بالمجمعة (CL) 2016-12-15 كتاب Dewey Decimal Classification  
  2016-12-15     516.3604 MRE 2016-12-15 المكتبة المركزية بالمجمعة (CL) 00655078 المكتبة المركزية بالمجمعة (CL) 2016-12-15 كتاب Dewey Decimal Classification  
  2016-12-15     516.3604 MRE 2016-12-15 المكتبة المركزية بالمجمعة (CL) 00655079 المكتبة المركزية بالمجمعة (CL) 2016-12-15 كتاب Dewey Decimal Classification